000
00310cam a2200133ua 4500
003
OSt
008
240325b |||||||| |||| 00| 0 eng d
041
_a
eng
082
_a
551
_b
COR/EA
245
0
0
_a
Earth we live on /
260
_a
Mumbai :
_b
Asia Publishing House ,
_c
1963.
300
_a
118 ; .
942
_c
BK
999
_c
10622
_d
10622